Statistiques concernant Tous les pays modernes qui ont été sous domination Française

Cliquez ici pour prendre le quiz!

Statistiques générales

  • Ce quiz a été pris 26 931 fois
    (26 648 depuis la dernière actualisation)
  • Le résultat moyen est 96 sur 120

Réponses sur la Carte

Les réponses sont colorées sur une échelle allant du rouge au vert en fonction du pourcentage des utilisateurs qui les ont devinées à leur premier essai. Vous pouvez retrouver ces pourcentages ci-dessous.
 

Statistiques - réponses

Pays% Correct
États-Unis
98%
Mexique
98%
Canada
97%
France
97%
Algérie
96%
Espagne
96%
Portugal
96%
Allemagne
95%
Argentine
95%
Maroc
95%
Royaume-Uni
95%
Belgique
94%
Chili
94%
Italie
94%
Norvège
94%
Suède
94%
Égypte
93%
Inde
93%
Irlande
93%
Madagascar
93%
Pologne
93%
Tunisie
93%
Pays-Bas
92%
Ukraine
91%
Autriche
90%
Colombie
90%
Grèce
90%
Pérou
90%
Suisse
90%
Cuba
89%
Uruguay
89%
Andorre
88%
Biélorussie
88%
Chine
88%
Estonie
88%
Lettonie
88%
Lituanie
88%
Monaco
88%
Turquie
88%
Croatie
87%
Mali
87%
Russie
87%
Venezuela
87%
Viêt Nam
87%
Bolivie
86%
Brésil
86%
Hongrie
86%
Paraguay
86%
République Tchèque
86%
Équateur
85%
Roumanie
85%
Sénégal
85%
Vatican
85%
République du Congo
84%
Slovaquie
84%
Luxembourg
83%
Niger
83%
Panama
83%
Slovenie
83%
Albanie
82%
Israël
81%
Libye
81%
Saint-Marin
81%
Guyana
80%
Laos
80%
Liechtenstein
80%
Mauritanie
80%
Serbie
80%
Chypre
79%
Haiti
79%
Suriname
79%
Syrie
79%
Thaïlande
79%
Bosnie-Herzégovine
78%
Cambodge
78%
Côte D'Ivoire
78%
Honduras
78%
Philippines
78%
Tchad
77%
Australie
76%
Cameroun
76%
Costa Rica
76%
Guinée
76%
Liban
76%
Guatemala
74%
Kosovo
74%
République Dominicaine
74%
Sri Lanka
74%
Togo
74%
Nicaragua
73%
Macédoine du Nord
72%
Malte
72%
Taiwan
72%
Bulgarie
71%
Jordanie
69%
Nigeria
69%
Republique Centrafricaine
69%
Salvador
69%
Bénin
68%
Burkina Faso
67%
Gabon
67%
Yémen
66%
Bangladesh
65%
Moldavie
65%
Guinée Équatoriale
64%
Comores
63%
Djibouti
63%
Île Maurice
63%
Seychelles
63%
Gambie
62%
Kenya
60%
Sainte-Lucie
57%
Dominique
55%
Sao Tomé-et-Principe
55%
Saint-Vincent-et-les-Grenadines
54%
Grenade
52%
Saint-Christophe-et-Niévès
51%
Antigua et Barbuda
49%
Vanuatu
47%
Trinité-et-Tobago
44%

Distribution des résultats

Percentile par nombre de réponses

% des personnes avec chaque résultat

Votre développement - résultats

Vous n’avez pas pris ce quiz depuis la dernière actualisation